[Event "XXV Weekend B"]
[Site "Robecchetto con Induno ITA"]
[Date "2014.12.29"]
[Round "6"]
[White "Pivari, Flavio"]
[Black "Corbelli, Daniele"]
[WhiteElo "1476"]
[BlackElo "1353"]
[Result "1/2-1/2"]
[PlyCount "29"]
[EventDate "2014.12.26"]

1. e4 e5 2. Nf3 Nc6 3. d4 exd4 4. Nxd4 Bc5 5. Be3 Qf6 6. c3 Nge7 7. b4 Bb6 8.
a4 a6 9. Nd2 Nxd4 10. Bxd4 Bxd4 11. cxd4 Qxd4 12. Bc4 d5 13. exd5 Nxd5 14. Bxd5
Qxd5 15. Qe2+ 1/2-1/2

[Event "XXV Weekend B"]
[Site "Robecchetto con Induno ITA"]
[Date "2014.12.29"]
[Round "6"]
[White "Rizzi, Domenico"]
[Black "Ferri, Antonio"]
[WhiteElo "1624"]
[BlackElo "1646"]
[Result "1-0"]
[PlyCount "117"]
[EventDate "2014.12.26"]

1. e4 c5 2. Nf3 d6 3. d4 cxd4 4. Nxd4 Nc6 5. Bc4 e6 6. Nc3 Nf6 7. Bg5 Be7 8.
Ndb5 a6 9. Bxf6 gxf6 10. Nd4 Qb6 11. Nb3 Ne5 12. Bd3 Bd7 13. Qe2 Nxd3+ 14. cxd3
Bc6 15. O-O O-O-O 16. d4 Kb8 17. d5 Bd7 18. Rad1 Rhg8 19. Rd3 e5 20. Kh1 Rg5
21. Rg3 Rdg8 22. Rxg5 Rxg5 23. f4 Rg7 24. f5 Qd8 25. Nd2 Qf8 26. Nc4 Bd8 27.
Qe3 Bc7 28. a4 Qd8 29. b4 b6 30. a5 b5 31. Nb6 Bxb6 32. axb6 Kb7 33. Qh6 Rg8
34. Qxh7 Rf8 35. Qh6 Kxb6 36. Qc1 Kb7 37. Qa3 Qb6 38. Ra1 Rc8 39. Ne2 Rc4 40.
Ng3 Bc8 41. h4 Ka7 42. h5 Qd8 43. Qe3+ Ka8 44. Ne2 Rxb4 45. h6 Qh8 46. Nc1 Rc4
47. Nb3 b4 48. Rc1 Rxc1+ 49. Qxc1 Qd8 50. Qe1 Qh8 51. Qh4 Bd7 52. g4 Kb7 53. g5
Kb6 54. gxf6 Kb5 55. Qg5 a5 56. Qg7 Qc8 57. h7 a4 58. h8=Q Qb7 59. Qh3 1-0

[Event "XXV Weekend B"]
[Site "Robecchetto con Induno ITA"]
[Date "2014.12.29"]
[Round "6"]
[White "Sacchi, Luca"]
[Black "Pattano, Antonio"]
[WhiteElo "1360"]
[BlackElo "1437"]
[Result "1/2-1/2"]
[PlyCount "124"]
[EventDate "2014.12.26"]

1. e4 e5 2. Nf3 Nc6 3. Bc4 h6 4. c3 Nf6 5. d3 d6 6. Bb3 d5 7. Nbd2 Be7 8. Bc2
O-O 9. b3 b5 10. O-O Qd6 11. b4 d4 12. Bb2 Bg4 13. a3 dxc3 14. Bxc3 Nd4 15. h3
Nxf3+ 16. Nxf3 Bxf3 17. Qxf3 c5 18. Rab1 Qc7 19. Bd1 Bd6 20. Be2 a6 21. Rfc1
Qe7 22. Qg3 Rac8 23. Bd2 Kh7 24. Bg4 Nxg4 25. Qxg4 Qf6 26. bxc5 Bc7 27. Be3
Rcd8 28. Rd1 Rg8 29. Qf5+ Qxf5 30. exf5 f6 31. d4 Rd5 32. g4 Rgd8 33. Rb4 Ba5
34. Rb3 exd4 35. Rbd3 Bc3 36. Bd2 Bb2 37. Bb4 Rc8 38. R1d2 a5 39. Bxa5 Ra8 40.
Rxb2 Rxa5 41. c6 Ra4 42. Rc2 Rc4 43. Rxc4 bxc4 44. Rd1 d3 45. c7 Rc5 46. a4
Rxc7 47. f3 Ra7 48. Kf2 Rxa4 49. Ke3 Ra7 50. Kd4 Rc7 51. Kc3 Re7 52. Kxc4 Re2
53. Kxd3 Rh2 54. Rg1 Rxh3 55. Ke4 Rh4 56. Kf4 Rh2 57. Kg3 Re2 58. Rh1 Re5 59.
Rf1 Rc5 60. Re1 Rb5 61. Kh3 Rb3 62. Kg3 Rb5 1/2-1/2

[Event "XXV Weekend B"]
[Site "Robecchetto con Induno ITA"]
[Date "2014.12.29"]
[Round "6"]
[White "Vignati, Andrea"]
[Black "Aloe, Giancarlo"]
[WhiteElo "1490"]
[BlackElo "1631"]
[Result "1-0"]
[PlyCount "129"]
[EventDate "2014.12.26"]

1. e4 c5 2. Nf3 e6 3. Nc3 Nc6 4. d4 cxd4 5. Nxd4 a6 6. Nxc6 bxc6 7. Bc4 Bb4 8.
Bd2 Ne7 9. O-O O-O 10. Ne2 Bxd2 11. Qxd2 d5 12. exd5 cxd5 13. Bd3 Bb7 14. Ng3
Qc7 15. Rfc1 Qb6 16. Qc3 Ng6 17. Re1 Rac8 18. Qb3 Qxb3 19. axb3 Nf4 20. Rec1
Rc6 21. Ne2 Nxe2+ 22. Bxe2 e5 23. Ra5 Rd8 24. Kf1 Kf8 25. Ke1 f6 26. Kd2 Rdd6
27. Ke3 d4+ 28. Kd3 e4+ 29. Kd2 d3 30. cxd3 Rxc1 31. Kxc1 exd3 32. Bf3 Bxf3 33.
gxf3 Rb6 34. Ra3 Ke7 35. Kd2 Rd6 36. Ra4 f5 37. Rc4 h6 38. Rc3 Ke6 39. Rxd3
Rxd3+ 40. Kxd3 Kd5 41. f4 g5 42. fxg5 hxg5 43. f3 a5 44. h3 Ke5 45. Ke3 Kd5 46.
f4 g4 47. hxg4 fxg4 48. Kf2 Ke4 49. Kg3 Kf5 50. b4 axb4 51. b3 Kf6 52. Kxg4 Kg6
53. f5+ Kf6 54. Kf4 Kf7 55. Ke5 Ke7 56. Kd5 Kf6 57. Kc5 Kxf5 58. Kxb4 Ke6 59.
Kc5 Kd7 60. Kb6 Kc8 61. b4 Kb8 62. Kc6 Kc8 63. b5 Kb8 64. Kb6 Ka8 65. Kc7 1-0

[Event "XXV Weekend Magistrale"]
[Site "Robecchetto con Induno ITA"]
[Date "2014.12.26"]
[Round "1"]
[White "Barlocco, Carlo"]
[Black "Damia, Angelo"]
[WhiteElo "2028"]
[BlackElo "2177"]
[Result "0-1"]
[PlyCount "58"]
[EventDate "2014.12.26"]

1. e4 Nf6 2. e5 Nd5 3. d4 d6 4. c4 Nb6 5. exd6 cxd6 6. Nc3 g6 7. Be3 Bg7 8. Rc1
O-O 9. b3 Nc6 10. d5 Ne5 11. Be2 h5 12. h3 e6 13. f4 Qh4+ 14. Bf2 Qxf4 15. Nf3
exd5 16. cxd5 Nxf3+ 17. Bxf3 Re8+ 18. Be2 Bh6 19. O-O Qxc1 20. Qxc1 Bxc1 21.
Rxc1 Bf5 22. Re1 Rac8 23. Nb5 Rc2 24. Nxa7 Rcxe2 25. Rxe2 Rxe2 26. Bxb6 Bd7 27.
a4 Rb2 28. Bc7 Rxb3 29. Bxd6 Rd3 0-1

[Event "XXV Weekend Magistrale"]
[Site "Robecchetto con Induno ITA"]
[Date "2014.12.26"]
[Round "1"]
[White "Boschetti, Claudio"]
[Black "Linder, Oliver"]
[WhiteElo "2140"]
[BlackElo "1985"]
[Result "1-0"]
[PlyCount "75"]
[EventDate "2014.12.26"]

1. e4 e6 2. Nf3 d5 3. Nc3 Be7 4. e5 Nh6 5. d4 Nf5 6. h4 h5 7. Bg5 b6 8. Bb5+ c6
9. Bd3 g6 10. Ne2 Ba6 11. Bxa6 Nxa6 12. c3 Nc7 13. Qd2 Qd7 14. Bxe7 Qxe7 15. a4
c5 16. a5 O-O 17. Nf4 cxd4 18. Nxd4 Nxd4 19. cxd4 Na6 20. Rh3 Qb4 21. Rc3 bxa5
22. Nxh5 Rfc8 23. Nf6+ Kg7 24. h5 Rc4 25. Rxc4 Qxd2+ 26. Kxd2 dxc4 27. Rxa5 Nb4
28. hxg6 Kxg6 29. Kc3 Nd3 30. b3 Nxf2 31. bxc4 Kf5 32. c5 Ne4+ 33. Nxe4 Kxe4
34. c6 Rc8 35. Ra6 Kf5 36. Kc4 f6 37. exf6 Kxf6 38. Kc5 1-0

[Event "XXV Weekend Magistrale"]
[Site "Robecchetto con Induno ITA"]
[Date "2014.12.26"]
[Round "1"]
[White "Cereda, Loris"]
[Black "Mouflih, Caesar Faycal"]
[WhiteElo "2172"]
[BlackElo "2023"]
[Result "0-1"]
[PlyCount "38"]
[EventDate "2014.12.26"]

1. e4 e5 2. Nf3 Nc6 3. Bc4 Bc5 4. c3 Nf6 5. d3 O-O 6. Bb3 d5 7. Qe2 h6 8. Nbd2
a5 9. O-O a4 10. Bc2 Bg4 11. Rd1 d4 12. Nf1 a3 13. b4 dxc3 14. d4 Nxd4 15. Qc4
Bxf3 16. gxf3 Bxb4 17. Be3 c5 18. f4 b5 19. Qb3 c4 0-1

[Event "XXV Weekend Magistrale"]
[Site "Robecchetto con Induno ITA"]
[Date "2014.12.26"]
[Round "1"]
[White "Di Chiara, Mauro"]
[Black "Quirico, Paolo"]
[WhiteElo "1924"]
[BlackElo "2114"]
[Result "0-1"]
[PlyCount "98"]
[EventDate "2014.12.26"]

1. Nf3 c5 2. e3 Nf6 3. d4 e6 4. c4 b6 5. Nc3 cxd4 6. exd4 Bb7 7. Bd3 Be7 8. Bg5
d6 9. O-O Nbd7 10. Re1 O-O 11. Rc1 Rc8 12. Qe2 Re8 13. b3 Nf8 14. Bb1 d5 15.
Bxf6 Bxf6 16. cxd5 Bxd5 17. Nxd5 Qxd5 18. Qd3 g6 19. Qe3 Red8 20. Be4 Qd6 21.
Rxc8 Rxc8 22. g3 Nd7 23. Kg2 Bg7 24. Rc1 Rxc1 25. Qxc1 Bxd4 26. Qc6 Bc5 27.
Qa8+ Qb8 28. Qc6 Ne5 29. Nxe5 Qxe5 30. h4 Qd4 31. h5 Qxf2+ 32. Kh3 Qf1+ 33. Bg2
Qf5+ 34. g4 Qd3+ 35. Bf3 gxh5 36. gxh5 Qf1+ 37. Kg4 Qg1+ 38. Bg2 Qd4+ 39. Kh3
Kg7 40. Bf3 Bd6 41. Qa8 Qf4 42. Kg2 Qg3+ 43. Kf1 Bc5 44. Ke2 Qf2+ 45. Kd3 Qe3+
46. Kc2 Bb4 47. Qc6 Qd2+ 48. Kb1 Ba3 49. h6+ Kxh6 0-1

[Event "XXV Weekend Magistrale"]
[Site "Robecchetto con Induno ITA"]
[Date "2014.12.26"]
[Round "1"]
[White "Guidi, Maurizio"]
[Black "Angelini, Marco"]
[WhiteElo "2043"]
[BlackElo "2216"]
[Result "0-1"]
[PlyCount "110"]
[EventDate "2014.12.26"]

1. Nf3 Nf6 2. c4 g6 3. g3 Bg7 4. Bg2 c5 5. O-O Nc6 6. d4 cxd4 7. Nxd4 Nxd4 8.
Qxd4 d6 9. Qd3 O-O 10. Nc3 a6 11. e4 Nd7 12. Bd2 Rb8 13. Rac1 b5 14. cxb5 axb5
15. b3 Nc5 16. Qe3 Be6 17. Nd5 Bxd5 18. exd5 Rb7 19. Rc2 Qd7 20. Rfc1 Bf6 21.
Qe2 Qf5 22. Qf3 Qxf3 23. Bxf3 Kg7 24. Be2 Ne4 25. a4 Nc5 26. Rxc5 dxc5 27. Bxb5
Bd4 28. Bc4 Rfb8 29. Rb1 Ra7 30. a5 Kf6 31. a6 Rb6 32. h4 Kg7 33. Kg2 Rf6 34.
Be1 Rfxa6 35. Bxa6 Rxa6 36. b4 Rb6 37. b5 Kf6 38. Ba5 Rb7 39. f4 Kf5 40. Kf3 h5
41. b6 c4 42. Rc1 c3 43. Bxc3 Bxc3 44. Rxc3 Rxb6 45. Re3 Kf6 46. Re5 Rb3+ 47.
Kf2 Rb7 48. Kf3 Rd7 49. Ke4 Ra7 50. Kf3 Kg7 51. Kf2 Kf8 52. Rg5 Ra8 53. g4 hxg4
54. Kg3 Ra3+ 55. Kxg4 f5+ 0-1

[Event "XXV Weekend Magistrale"]
[Site "Robecchetto con Induno ITA"]
[Date "2014.12.26"]
[Round "1"]
[White "Medici, Simone"]
[Black "Pirrello, Christian"]
[WhiteElo "2082"]
[BlackElo "1862"]
[Result "1-0"]
[PlyCount "107"]
[EventDate "2014.12.26"]

1. e4 c6 2. d4 d5 3. f3 dxe4 4. fxe4 e5 5. Nf3 exd4 6. Bc4 Be6 7. Bxe6 fxe6 8.
Qxd4 Qxd4 9. Nxd4 Kd7 10. Nc3 e5 11. Nf3 Bd6 12. Be3 Nf6 13. O-O-O Ke7 14. Rd3
Na6 15. Rhd1 Rhd8 16. Nh4 g6 17. Bg5 Bc7 18. Rf1 Rxd3 19. Bxf6+ Ke6 20. cxd3
Rf8 21. Nf3 Rxf6 22. Ng5+ Ke7 23. Rxf6 Kxf6 24. Nxh7+ Kg7 25. Ng5 Kf6 26. h4
Ba5 27. a3 Bb6 28. Nf3 Be3+ 29. Kc2 Nc5 30. Nd1 Bh6 31. b4 Ne6 32. Nf2 Kg7 33.
Nxe5 Bf4 34. Nf3 Bg3 35. Nh1 Bc7 36. d4 Nf4 37. g3 Nh5 38. e5 Kf7 39. Kd3 Ke7
40. Ke4 a5 41. g4 Ng7 42. Ng3 axb4 43. axb4 Ne6 44. h5 Kf7 45. hxg6+ Kxg6 46.
Nh5 Kf7 47. Nf4 Ng7 48. Ng5+ Ke7 49. d5 Ne8 50. Ng6+ Kd7 51. Ne6 Bb8 52. Nc5+
Kc8 53. dxc6 bxc6 54. Ne7+ 1-0

[Event "XXV Weekend Magistrale"]
[Site "Robecchetto con Induno ITA"]
[Date "2014.12.26"]
[Round "1"]
[White "Miracola, Giorgia"]
[Black "Motola, Jacopo"]
[WhiteElo "1856"]
[BlackElo "2069"]
[Result "0-1"]
[PlyCount "52"]
[EventDate "2014.12.26"]

1. e4 c5 2. Nf3 Nc6 3. Bb5 e6 4. c4 g6 5. O-O Bg7 6. Bxc6 bxc6 7. e5 g5 8. d4
g4 9. Ng5 cxd4 10. Qxd4 h6 11. Ne4 d5 12. cxd5 exd5 13. Ng3 h5 14. Rd1 Be6 15.
Qc5 Qc7 16. Bf4 Ne7 17. Na3 Rc8 18. Rac1 a6 19. Re1 Ng6 20. Bd2 h4 21. Ne2 Bxe5
22. g3 hxg3 23. fxg3 Kd7 24. Ba5 Qb8 25. Rcd1 Bd6 26. Qd4 Ne5 0-1

[Event "XXV Weekend Magistrale"]
[Site "Robecchetto con Induno ITA"]
[Date "2014.12.26"]
[Round "1"]
[White "Montilli, Vincenzo"]
[Black "Bianchi, Alberto"]
[WhiteElo "2121"]
[BlackElo "1924"]
[Result "1-0"]
[PlyCount "119"]
[EventDate "2014.12.26"]

1. Nf3 d5 2. c4 e6 3. g3 Nf6 4. Bg2 b6 5. O-O Bb7 6. d4 Be7 7. Nc3 O-O 8. Ne5
c5 9. cxd5 Nxd5 10. e4 Nxc3 11. bxc3 cxd4 12. cxd4 Nc6 13. Nxc6 Bxc6 14. Re1
Qd7 15. Bb2 Rad8 16. Qd2 Bf6 17. Rac1 Ba8 18. Red1 Qa4 19. Qc2 Qb5 20. Qb3 Qxb3
21. axb3 Rc8 22. Ba3 Rfe8 23. e5 Bxg2 24. Kxg2 Bg5 25. f4 Bh6 26. Kf3 g6 27.
Ke4 Bf8 28. Bxf8 Kxf8 29. Rc4 b5 30. Rc5 Rb8 31. Ra1 Rb7 32. Ra5 Reb8 33. Kd3
Rb6 34. Rxa7 R6b7 35. Rxb7 Rxb7 36. Kc3 Ke7 37. Kb4 Rd7 38. Kxb5 Rxd4 39. b4
Kd7 40. Ka5 Rd2 41. Kb6 Rb2 42. Rc7+ Ke8 43. b5 Rg2 44. Rc3 Kd7 45. Kb7 h5 46.
b6 Rd2 47. Kb8 Rd4 48. b7 h4 49. gxh4 Rxf4 50. Ra3 Rxh4 51. Ka7 Rb4 52. b8=Q
Rxb8 53. Kxb8 Kc6 54. Rd3 Kc5 55. Kc7 Kc4 56. Rd1 Kc3 57. Kd6 Kc2 58. Rf1 Kd3
59. Rxf7 Ke4 60. Kxe6 1-0

[Event "XXV Weekend Magistrale"]
[Site "Robecchetto con Induno ITA"]
[Date "2014.12.26"]
[Round "1"]
[White "Nemeth, Zoltan"]
[Black "Ventura, Salvatore"]
[WhiteElo "2312"]
[BlackElo "2049"]
[Result "1/2-1/2"]
[PlyCount "56"]
[EventDate "2014.12.26"]

1. Nf3 c5 2. g3 Nc6 3. d4 cxd4 4. Nxd4 g6 5. Bg2 Bg7 6. Nxc6 bxc6 7. Nd2 Nf6 8.
O-O O-O 9. Nb3 Qc7 10. Bd2 d5 11. Ba5 Qe5 12. Bc3 Qh5 13. e3 Bg4 14. f3 Bh3 15.
Qd4 Ne8 16. Qc5 Bxg2 17. Kxg2 Bxc3 18. Qxc6 Bxb2 19. Qxa8 Bxa1 20. Nxa1 Nc7 21.
Qxa7 Qe5 22. Rb1 Ra8 23. Rb8+ Rxb8 24. Qxb8+ Kg7 25. Nb3 Qc3 26. Kh3 e5 27. f4
Qxc2 28. Qa7 Qd1 1/2-1/2

[Event "XXV Weekend Magistrale"]
[Site "Robecchetto con Induno ITA"]
[Date "2014.12.26"]
[Round "1"]
[White "Ranfagni, Stefano"]
[Black "Paleologu, Vladimir"]
[WhiteElo "2016"]
[BlackElo "2158"]
[Result "0-1"]
[PlyCount "85"]
[EventDate "2014.12.26"]

1. e4 d6 2. d4 Nf6 3. Nc3 Nbd7 4. f4 e5 5. Nf3 exd4 6. Nxd4 g6 7. Be2 Bg7 8.
O-O O-O 9. Kh1 Re8 10. Bf3 Nc5 11. Re1 Ng4 12. Bxg4 Bxg4 13. Qxg4 Bxd4 14. f5
c6 15. Bg5 Qb6 16. Rab1 Bxc3 17. bxc3 Nxe4 18. Qh4 Nf2+ 19. Kg1 Rxe1+ 20. Rxe1
Nh3+ 21. Kh1 Nxg5 22. Qxg5 Qf2 23. Rb1 Qxc2 24. Rf1 Qe2 25. Qf4 Qe5 26. Qh6 Re8
27. h3 Qe3 28. Qh4 Qe2 29. Rf2 Qe1+ 30. Kh2 Qxc3 31. f6 Re6 32. g4 Qe5+ 33. Kg2
Qd5+ 34. Kh2 Qd4 35. Kg2 h6 36. Qxh6 Rxf6 37. Re2 Qd5+ 38. Kh2 Re6 39. Rf2 Qe5+
40. Kg2 Qe4+ 41. Kf1 Qe3 42. Qh4 g5 43. Qh5 0-1

[Event "XXV Weekend Magistrale"]
[Site "Robecchetto con Induno ITA"]
[Date "2014.12.26"]
[Round "1"]
[White "Rossini, Fulvio"]
[Black "Berni, Fabrizio"]
[WhiteElo "1978"]
[BlackElo "2121"]
[Result "1/2-1/2"]
[PlyCount "149"]
[EventDate "2014.12.26"]

1. e4 c5 2. Nc3 a6 3. g3 b5 4. Bg2 Bb7 5. Nge2 e6 6. d3 Ne7 7. O-O Nbc6 8. Be3
d6 9. d4 cxd4 10. Nxd4 Nxd4 11. Qxd4 Nc6 12. Qd2 Be7 13. f4 O-O 14. Rad1 Qc7
15. Qf2 Rac8 16. Bb6 Qb8 17. Rd2 Qa8 18. Rfd1 Nb8 19. a3 Nd7 20. Bd4 Nf6 21.
Qe2 Rfd8 22. g4 Qb8 23. g5 Nd7 24. Be3 Bc6 25. f5 Ne5 26. Bf4 Qc7 27. Bxe5 dxe5
28. fxe6 fxe6 29. Qg4 Qb6+ 30. Kh1 Be8 31. Bh3 Bf7 32. Qg3 Rxd2 33. Rxd2 Qc7
34. Bf1 Bc5 35. Bd3 Rd8 36. Qe1 Qe7 37. Rg2 Bd4 38. Nd1 Bh5 39. c3 Bc5 40. Rg3
Rf8 41. Be2 Bg6 42. Bf3 Qb7 43. Qe2 Rf4 44. Qd3 Rxf3 45. Rxf3 h5 46. Re3 Bxe3
47. Qxe3 Bxe4+ 48. Kg1 Qd5 49. Nf2 Bf5 50. Qe2 Bg6 51. Qe3 Kh7 52. h4 Bf5 53.
Qe2 Kg6 54. Kh2 e4 55. Qe3 Qb3 56. Qe2 Qd5 57. Qe3 Qa2 58. Qc1 e3 59. Qxe3 Qxb2
60. Qc5 Qe2 61. Kg3 Kh7 62. Qc6 Qe5+ 63. Kg2 Bc2 64. Qf3 Bg6 65. Qc6 Qe3 66.
Qxa6 Qxc3 67. Qxb5 Qxa3 68. Qe5 Bf5 69. Qe2 Kg6 70. Qe5 Qb3 71. Qe2 Qc3 72. Qb5
Qd4 73. Qe8+ Kh7 74. Qxh5+ Kg8 75. Qe8+ 1/2-1/2

[Event "XXV Weekend Magistrale"]
[Site "Robecchetto con Induno ITA"]
[Date "2014.12.26"]
[Round "1"]
[White "Sbarra, Marco"]
[Black "Briata, Federico"]
[WhiteElo "2191"]
[BlackElo "2041"]
[Result "1/2-1/2"]
[PlyCount "116"]
[EventDate "2014.12.26"]

1. d4 Nf6 2. c4 e6 3. Nc3 d5 4. cxd5 exd5 5. Bg5 c6 6. e3 Bf5 7. Qf3 Bg6 8.
Bxf6 Qxf6 9. Qxf6 gxf6 10. Nge2 Bd6 11. Nc1 Nd7 12. Nb3 O-O 13. Be2 f5 14. g3
Nf6 15. O-O Rfe8 16. Rac1 Kg7 17. a3 h5 18. Rfe1 h4 19. Nd2 hxg3 20. hxg3 Ne4
21. Nf1 Kf6 22. Kg2 Rg8 23. Nh2 Rh8 24. Nf3 Bh5 25. Nh4 Rag8 26. Nxe4+ fxe4 27.
Bxh5 Rxh5 28. Kf1 Ke6 29. Ng2 Rh1+ 30. Ke2 Rh2 31. Rg1 Kd7 32. Nf4 Bxf4 33.
gxf4 Rxg1 34. Rxg1 Rh7 35. b4 Rh8 36. Rc1 Re8 37. Rb1 Rh8 38. Rg1 a5 39. bxa5
Ra8 40. Rb1 Kc7 41. f3 exf3+ 42. Kxf3 Rxa5 43. f5 Rxa3 44. Kf4 b6 45. Rh1 Kd7
46. Rh7 Ke7 47. Rh8 Rc3 48. Rb8 b5 49. Kg5 Rxe3 50. Rb7+ Kd6 51. Kf6 Rf3 52.
Rxf7 c5 53. dxc5+ Kxc5 54. Rc7+ Kd4 55. Ke6 Re3+ 56. Kd6 Rf3 57. Ke6 Re3+ 58.
Kd6 Rf3 1/2-1/2

[Event "XXV Weekend Magistrale"]
[Site "Robecchetto con Induno ITA"]
[Date "2014.12.26"]
[Round "1"]
[White "Ubezio, Marco"]
[Black "Tinelli, Fulvio"]
[WhiteElo "2090"]
[BlackElo "1923"]
[Result "1-0"]
[PlyCount "69"]
[EventDate "2014.12.26"]

1. d4 d5 2. c4 e6 3. Nc3 Nf6 4. cxd5 exd5 5. Bg5 Be7 6. Qc2 c6 7. e3 Nbd7 8.
Bd3 O-O 9. Nge2 Re8 10. O-O Nf8 11. f3 Nh5 12. Bxe7 Qxe7 13. e4 Be6 14. e5 g6
15. Rae1 c5 16. dxc5 Qxc5+ 17. Kh1 Rac8 18. Qa4 Qe3 19. Qd4 Qxd4 20. Nxd4 a6
21. f4 Ng7 22. h3 h5 23. Nd1 Rc1 24. Ne3 Rxe1 25. Rxe1 Rc8 26. g4 hxg4 27. hxg4
Nd7 28. f5 Nxe5 29. Bb1 gxf5 30. gxf5 Nc4 31. Ng4 Nxb2 32. fxe6 Nxe6 33. Nf5
Rc4 34. Nf6+ Kh8 35. Re3 1-0

[Event "XXV Weekend Magistrale"]
[Site "Robecchetto con Induno ITA"]
[Date "2014.12.26"]
[Round "1"]
[White "Vitale, Alessandro"]
[Black "Coppola, Federico"]
[WhiteElo "1882"]
[BlackElo "2087"]
[Result "0-1"]
[PlyCount "50"]
[EventDate "2014.12.26"]

1. f4 Nh6 2. Nf3 g6 3. e3 d5 4. d4 Bg7 5. Bd3 Bg4 6. h3 Bxf3 7. Qxf3 e6 8. g4
c5 9. c3 Nc6 10. O-O Qd7 11. Bd2 cxd4 12. cxd4 f5 13. Nc3 Nf7 14. Rac1 O-O 15.
Be1 Nd6 16. gxf5 Nxf5 17. Bxf5 Rxf5 18. Bh4 Raf8 19. Qg2 Rh5 20. Qg4 Qf7 21.
Ne2 Qf5 22. Bg5 Rxh3 23. Qxf5 exf5 24. Kf2 Re8 25. Ng3 Rh2+ 0-1

[Event "XXV Weekend Magistrale"]
[Site "Robecchetto con Induno ITA"]
[Date "2014.12.27"]
[Round "2"]
[White "Angelini, Marco"]
[Black "Ubezio, Marco"]
[WhiteElo "2216"]
[BlackElo "2090"]
[Result "1/2-1/2"]
[PlyCount "29"]
[EventDate "2014.12.26"]

1. c4 e5 2. g3 Nf6 3. Bg2 h6 4. Nc3 Bb4 5. Qc2 O-O 6. a3 Bxc3 7. Qxc3 Re8 8. b4
d5 9. cxd5 Nxd5 10. Qc5 Be6 11. Bb2 Nd7 12. Qc2 c5 13. b5 Qa5 14. Rb1 a6 15.
bxa6 1/2-1/2

[Event "XXV Weekend Magistrale"]
[Site "Robecchetto con Induno ITA"]
[Date "2014.12.27"]
[Round "2"]
[White "Berni, Fabrizio"]
[Black "Sbarra, Marco"]
[WhiteElo "2121"]
[BlackElo "2191"]
[Result "1/2-1/2"]
[PlyCount "64"]
[EventDate "2014.12.26"]

1. e4 e5 2. Nf3 Nc6 3. Bb5 a6 4. Ba4 Nf6 5. O-O Be7 6. d3 b5 7. Bb3 d6 8. a3
O-O 9. Nc3 Bg4 10. Be3 Na5 11. Ba2 c5 12. h3 Bd7 13. Bg5 Nc6 14. Bxf6 Bxf6 15.
Nd5 Be6 16. Nh2 Bg5 17. Ng4 Kh8 18. Nge3 g6 19. c3 a5 20. f4 exf4 21. Nxf4 Bxa2
22. Rxa2 b4 23. axb4 axb4 24. Rxa8 Qxa8 25. Nc4 bxc3 26. bxc3 Qb8 27. Qf3 Bf6
28. Nd5 Bg7 29. Nf6 Na5 30. Ne3 Nc6 31. Nc4 Na5 32. Ne3 Nc6 1/2-1/2

[Event "XXV Weekend Magistrale"]
[Site "Robecchetto con Induno ITA"]
[Date "2014.12.27"]
[Round "2"]
[White "Bianchi, Alberto"]
[Black "Cereda, Loris"]
[WhiteElo "1924"]
[BlackElo "2172"]
[Result "0-1"]
[PlyCount "74"]
[EventDate "2014.12.26"]

1. e4 e5 2. Nf3 Nc6 3. Bb5 a6 4. Bxc6 dxc6 5. O-O Bg4 6. d3 Qf6 7. Be3 Bxf3 8.
Qxf3 Qxf3 9. gxf3 Bd6 10. Nd2 Ne7 11. Nc4 Ng6 12. Kh1 f6 13. Rg1 Kf7 14. Rg4 a5
15. Rag1 b5 16. Nxd6+ cxd6 17. h4 Rag8 18. f4 Nxf4 19. Bxf4 h5 20. Bxe5 hxg4
21. Bxd6 Rxh4+ 22. Kg2 Ke6 23. Bg3 Rh5 24. Rd1 a4 25. a3 Rb8 26. Rd2 g6 27. Re2
Rbh8 28. c3 Rh1 29. Rd2 Rc1 30. Bh2 Re1 31. c4 bxc4 32. dxc4 Rxe4 33. Rd6+ Ke7
34. Rxc6 f5 35. Rxg6 f4 36. Bg1 f3+ 37. Kf1 Rd8 0-1

[Event "XXV Weekend Magistrale"]
[Site "Robecchetto con Induno ITA"]
[Date "2014.12.27"]
[Round "2"]
[White "Briata, Federico"]
[Black "Nemeth, Zoltan"]
[WhiteElo "2041"]
[BlackElo "2312"]
[Result "0-1"]
[PlyCount "90"]
[EventDate "2014.12.26"]

1. e4 c5 2. Nf3 e6 3. d4 cxd4 4. Nxd4 a6 5. Bd3 Qc7 6. Qe2 d6 7. O-O Nf6 8. c4
Nbd7 9. b3 b6 10. Bb2 Bb7 11. Nc3 g6 12. Rad1 Bg7 13. Bb1 O-O 14. Kh1 Rfe8 15.
f4 e5 16. fxe5 Nxe5 17. Qd2 Nfg4 18. Nf3 Rad8 19. Nxe5 Bxe5 20. Nd5 Bxd5 21.
Bxe5 Bxc4 22. bxc4 dxe5 23. Qe2 Rxd1 24. Rxd1 Nf6 25. Qd3 Re7 26. Qd8+ Kg7 27.
Bc2 Qxd8 28. Rxd8 Rd7 29. Rxd7 Nxd7 30. Kg1 Nc5 31. Kf2 h6 32. Ke3 Kf6 33. g3
Ke6 34. a3 f6 35. Bd1 Kd6 36. Bc2 Nb7 37. Kd3 Kc5 38. Kc3 Nd6 39. Bd3 Nf7 40.
Bc2 Ng5 41. Bd3 Nf3 42. h3 Ng5 43. h4 Nf7 44. Be2 Nd6 45. Bd3 h5 0-1

[Event "XXV Weekend Magistrale"]
[Site "Robecchetto con Induno ITA"]
[Date "2014.12.27"]
[Round "2"]
[White "Damia, Angelo"]
[Black "Coppola, Federico"]
[WhiteElo "2177"]
[BlackElo "2087"]
[Result "1-0"]
[PlyCount "67"]
[EventDate "2014.12.26"]

1. e4 e6 2. d4 d5 3. Nc3 Nf6 4. Bg5 Bb4 5. Nge2 h6 6. Bxf6 Qxf6 7. a3 Bxc3+ 8.
Nxc3 O-O 9. exd5 Rd8 10. Bc4 exd5 11. Nxd5 Re8+ 12. Be2 Qd6 13. Ne3 f5 14. O-O
Nc6 15. c3 f4 16. Nc4 Qf6 17. Bh5 g6 18. Bf3 Be6 19. Nd2 Rad8 20. d5 Ne5 21.
dxe6 Nxf3+ 22. gxf3 Qxe6 23. Kh1 Kg7 24. Rg1 g5 25. c4 Rd3 26. Qc2 Qe2 27. Rae1
Qxf2 28. Qxd3 Rxe1 29. Rxe1 Qxe1+ 30. Kg2 h5 31. Qd4+ Kf7 32. Qd5+ Kf8 33. Qf5+
Kg7 34. Qxg5+ 1-0

[Event "XXV Weekend Magistrale"]
[Site "Robecchetto con Induno ITA"]
[Date "2014.12.27"]
[Round "2"]
[White "Di Chiara, Mauro"]
[Black "Guidi, Maurizio"]
[WhiteElo "1924"]
[BlackElo "2043"]
[Result "1-0"]
[PlyCount "99"]
[EventDate "2014.12.26"]

1. Nf3 c5 2. e4 Nc6 3. d4 cxd4 4. Nxd4 g6 5. c4 Bg7 6. Be3 Nf6 7. Nc3 Ng4 8.
Qxg4 Nxd4 9. Qd1 Ne6 10. Be2 Qa5 11. Qd2 b6 12. O-O g5 13. Rad1 d6 14. Qd5 Qxd5
15. cxd5 Nc5 16. Bb5+ Bd7 17. Bxg5 Bxc3 18. Bxd7+ Kxd7 19. bxc3 Nxe4 20. Bxe7
Rhe8 21. Bh4 Nxc3 22. Rd3 Nxa2 23. Rf3 f5 24. Rxf5 Rf8 25. Rxf8 Rxf8 26. Ra1
Rc8 27. Bg5 Rc2 28. Kf1 a5 29. Re1 a4 30. Re7+ Kc8 31. Bf4 Nc3 32. Bxd6 Nxd5
33. Rxh7 Nf6 34. Rf7 Ne4 35. Be7 Nc3 36. g4 Nb5 37. g5 Kd7 38. g6 Rc8 39. h4
Ke6 40. f4 Nd4 41. Bf8 Nf5 42. h5 Rc4 43. Rxf5 Kxf5 44. g7 Rxf4+ 45. Ke2 Rg4
46. h6 a3 47. Bxa3 Kf6 48. Bb2+ Kf7 49. h7 Rxg7 50. h8=Q 1-0

[Event "XXV Weekend Magistrale"]
[Site "Robecchetto con Induno ITA"]
[Date "2014.12.27"]
[Round "2"]
[White "Linder, Oliver"]
[Black "Miracola, Giorgia"]
[WhiteElo "1985"]
[BlackElo "1856"]
[Result "1/2-1/2"]
[PlyCount "79"]
[EventDate "2014.12.26"]

1. d4 Nf6 2. Nf3 g6 3. e3 d5 4. b3 Bg7 5. Bb2 O-O 6. Be2 Ne4 7. O-O c5 8. c4
Nc6 9. Na3 Bf5 10. Nc2 Rc8 11. Bd3 Bg4 12. Re1 Ng5 13. Be2 Bxf3 14. Bxf3 dxc4
15. bxc4 cxd4 16. exd4 Ne6 17. Bg4 Na5 18. Rxe6 Nxc4 19. Re2 Nxb2 20. Qb1 f5
21. Bxf5 Rxf5 22. Qxb2 b5 23. Rae1 Rc7 24. h3 Rd7 25. Qb3+ Kh8 26. Ne3 Rf8 27.
d5 a6 28. a4 bxa4 29. Qxa4 a5 30. Qa3 Bd4 31. Qd3 Bxe3 32. Qxe3 Rxd5 33. Qc3+
e5 34. Rxe5 Rxe5 35. Rxe5 Qf6 36. Qxa5 Qxf2+ 37. Kh2 Qf4+ 38. Kg1 Qd4+ 39. Kh2
Qf4+ 40. Kg1 1/2-1/2